Women of sand and myrrh / (Record no. 234594)

000 -LEADER
fixed length control field 01156pam a2200313 a 4500
001 - CONTROL NUMBER
control field 1086720
003 - CONTROL NUMBER IDENTIFIER
control field Nust
005 - DATE AND TIME OF LATEST TRANSACTION
control field 20170324153843.0
008 - FIXED-LENGTH DATA ELEMENTS--GENERAL INFORMATION
fixed length control field 920224r19921989nyu 000 1 eng
010 ## - LIBRARY OF CONGRESS CONTROL NUMBER
LC control number 92009305
020 ## - INTERNATIONAL STANDARD BOOK NUMBER
International Standard Book Number 9781408805909
Terms of availability US $9.00
040 ## - CATALOGING SOURCE
Original cataloging agency DLC
Transcribing agency DLC
Modifying agency OCoLC
-- DLC
041 1# - LANGUAGE CODE
Language code of text/sound track or separate title eng
Language code of original ara
043 ## - GEOGRAPHIC AREA CODE
Geographic area code aw-----
050 00 - LIBRARY OF CONGRESS CALL NUMBER
Classification number PJ7862.H356
Item number W66 1992
082 00 - DEWEY DECIMAL CLASSIFICATION NUMBER
Classification number 892.736
Author Mark SHA
100 1# - MAIN ENTRY--PERSONAL NAME
Personal name Shaykh, Ḥanān.
245 10 - TITLE STATEMENT
Title Women of sand and myrrh /
Statement of responsibility, etc. Hanan al-Shaykh ; translated by Catherine Cobham.
250 ## - EDITION STATEMENT
Edition statement 1st Anchor Books ed.
260 ## - PUBLICATION, DISTRIBUTION, ETC.
Place of publication, distribution, etc. New York :
Name of publisher, distributor, etc. Anchor Books,
Date of publication, distribution, etc. 1992.
300 ## - PHYSICAL DESCRIPTION
Extent 296 p. ;
Dimensions 21 cm.
500 ## - GENERAL NOTE
General note Originally published: Quartet Books, 1989.
650 #0 - SUBJECT ADDED ENTRY--TOPICAL TERM
Topical term or geographic name entry element Women
Geographic subdivision Middle East
General subdivision Fiction.
651 #0 - SUBJECT ADDED ENTRY--GEOGRAPHIC NAME
Geographic name Middle East
General subdivision Fiction.
655 #7 - INDEX TERM--GENRE/FORM
Genre/form data or focus term Domestic fiction.
Source of term lcsh
856 42 - ELECTRONIC LOCATION AND ACCESS
Materials specified Publisher description
Uniform Resource Identifier <a href="http://www.loc.gov/catdir/description/random046/92009305.html">http://www.loc.gov/catdir/description/random046/92009305.html</a>
906 ## - LOCAL DATA ELEMENT F, LDF (RLIN)
a 7
b cbc
c orignew
d 1
e ocip
f 19
g y-gencatlg
942 ## - ADDED ENTRY ELEMENTS (KOHA)
Source of classification or shelving scheme
Koha item type Book
Holdings
Withdrawn status Lost status Source of classification or shelving scheme Damaged status Not for loan Collection code Permanent Location Current Location Shelving location Date acquired Total Checkouts Total Renewals Full call number Barcode Date last seen Date last checked out Copy number Price effective from Koha item type
            Central Library (CL) Central Library (CL) Fiction 03/24/2017 4 1 892.736 SHA CL2957 09/04/2025 05/31/2025 1 03/24/2017 Book
© 2023 Central Library, National University of Sciences and Technology. All Rights Reserved.